Le droit civil francais suivant l'ordre du code

সংরক্ষণ করুন:
গ্রন্থ-পঞ্জীর বিবরন
প্রধান লেখক: Toullier, C. B (Author)
বিন্যাস: গ্রন্থ
ভাষা:ফরাসি
প্রকাশিত: París B. Warée 1821
বিষয়গুলি:
ট্যাগগুলো: ট্যাগ যুক্ত করুন
কোনো ট্যাগ নেই, প্রথমজন হিসাবে ট্যাগ করুন!

MARC

LEADER 00000nam a2200000 a 4500
001 UCS1766
003 CL-VaPUC
008 970515e18210000FR |||||||||||||||||fre|d
082 0 4 |a 346.44  |b TOU  |2 21 
100 0 |a Toullier, C. B  |e author  |9 386528 
245 1 3 |a Le droit civil francais suivant l'ordre du code 
300 |a 14 v 
942 |c BK 
945 |d 19970515 00:00:00  |a paguirre 
260 |a París  |b B. Warée  |c 1821 
650 0 |a Derecho civil  |9 255013 
650 0 |a Obligaciones   |9 255578 
650 0 |a Contratos  |9 255153 
650 0 |a Cuasicontratos  |9 385637 
650 0 |a Delitos  |9 224143 
650 7 |a MATRIMONIO  |2 CL-VaPUC  |9 386529 
650 0 |a Contrato matrimonial   |9 352988 
650 0 |a Regímenes matrimoniales  |9 357525 
651 0 |a Francia  |9 255157 
583 |a last modification  |c 19970515 00:00:00  |k Rodrigo Vera 
999 |c 259798  |d 259796 
952 |0 0  |1 0  |4 0  |6 346_440000000000000_TOU_1821  |7 0  |8 X  |9 285169  |a BIBDER  |b BIBDER  |d 2019-11-19  |h v.9  |i 1847074  |o 346.44 TOU 1821  |p 1847074  |r 2023-01-25  |w 2019-11-19  |y BK_X  |k DER 
952 |0 0  |1 0  |4 0  |6 346_440000000000000_TOU_1821  |7 0  |8 X  |9 285170  |a BIBDER  |b BIBDER  |d 2019-11-19  |h v.10  |i 1847082  |o 346.44 TOU 1821  |p 1847082  |r 2023-01-25  |w 2019-11-19  |y BK_X  |k DER 
952 |0 0  |1 0  |4 0  |6 346_440000000000000_TOU_1821  |7 0  |8 X  |9 285171  |a BIBDER  |b BIBDER  |d 2019-11-19  |h v.11  |i 1847090  |o 346.44 TOU 1821  |p 1847090  |r 2023-01-25  |w 2019-11-19  |y BK_X  |k DER 
952 |0 0  |1 0  |4 0  |6 346_440000000000000_TOU_1821  |7 0  |8 X  |9 285172  |a BIBDER  |b BIBDER  |d 2019-11-19  |h v.12  |i 1847104  |o 346.44 TOU 1821  |p 1847104  |r 2023-01-25  |w 2019-11-19  |y BK_X  |k DER 
952 |0 0  |1 0  |4 0  |6 346_440000000000000_TOU_1821  |7 0  |8 X  |9 285173  |a BIBDER  |b BIBDER  |d 2019-11-19  |h v.13  |i 1847112  |o 346.44 TOU 1821  |p 1847112  |r 2023-01-25  |w 2019-11-19  |y BK_X  |k DER 
952 |0 0  |1 0  |4 0  |6 346_440000000000000_TOU_1821  |7 0  |8 X  |9 285174  |a BIBDER  |b BIBDER  |d 2019-11-19  |h v.14  |i 1847120  |o 346.44 TOU 1821  |p 1847120  |r 2023-01-25  |w 2019-11-19  |y BK_X  |k DER